Statistics for 20 biggest cities in 2100

Click here to take the quiz!

General Stats

  • This quiz has been taken 23 times
    (12 since last reset)
  • The average score is 18 of 20

Answer Stats

populationCountryAnswer% Correct
35.8 MEthiopiaAddis ababa
100%
40.5 MEgyptCairo
100%
57.3 MIndiaDelhi
100%
54.3 MBangladeshDhaka
100%
50.3 MAfghanistanKabul
100%
56.6 MSudanKhartoum
100%
88.3 MNigeriaLagos
100%
40.0 MPhilippinesManila
100%
67.2 MIndiaMumbai
100%
46.7 MKenyaNairobi
100%
73.7 MTanzaniaDar es Salaam
90%
40.1 MUgandaKampala
90%
49.1 MPakistanKarachi
90%
83.5 MD.R.C.Kinshasa
90%
52.4 MIndiaKolkata
90%
36.4 MSomaliaMogadishu
90%
41.4 MMalawiLilongwe
80%
37.7 MZambiaLusaka
80%
56.1 MNigerNiamey
70%
40.9 MMalawiBlantyre
60%

Score Distribution

Percentile by Number Answered

Percent of People with Each Score

Your Score History

You have not taken this quiz since the last reset